Código de aguas: edición oficial

Saved in:
Bibliographic Details
Format: Book
Language:Spanish
Published: Santiago Jurídica de Chile 1997
Edition:15a. ed
Subjects:
Tags: Add Tag
No Tags, Be the first to tag this record!

MARC

LEADER 00000nam a2200000 a 4500
001 UCS1443
003 CL-VaPUC
008 970509e19970000CL |||||||||||||||||spa|d
082 0 4 |a 346.04691  |b COD  |2 21 
245 1 0 |a Código de aguas: edición oficial 
250 |a 15a. ed 
300 |a 241 p 
942 |c BK 
945 |d 19970509 00:00:00  |a amoreno 
260 |a Santiago  |b Jurídica de Chile  |c 1997 
650 0 |a Códigos  |9 352314 
650 0 |a Código de aguas   |9 380665 
650 0 |a Derecho de aguas  |9 257148 
650 0 |a Aprovechamiento de aguas  |9 368432 
650 7 |a REGADIO  |2 CL-VaPUC  |9 385903 
651 7 |a CHILE  |2 CL-VaPUC  |9 385904 
583 |a last modification  |c 19970509 00:00:00  |k Rodrigo Vera 
999 |c 259528  |d 259526 
952 |0 0  |1 0  |2 ddc  |4 0  |6 346_046910000000000_COD_1997  |7 0  |8 FOND_LRYV  |9 284360  |a BIBDER  |b BIBDER  |d 2019-11-19  |i 3303926  |o 346.04691 COD 1997  |p 3303926  |r 2023-01-25  |w 2019-11-19  |y BK_X  |k DER